000 00489nam a22001937a 4500
003 MPLRDC
005 20220104143026.0
008 210129b ||||| |||| 00| 0 eng d
020 _a986-7683-97-8
082 _a528.21 LLS
100 _a罗莉莎
245 _a现代父母的52堂教育课
_c
250 _a初版
260 _a台湾
_b汉湘文化事业股份有限公司
_c2005
300 _b221
490 _a教育家: 04
650 _a亲子教育
942 _cBK
_o528.21 LLS
999 _c35897
_d35887